| 000 | 00437nam a22001817a 4500 | ||
|---|---|---|---|
| 003 | koha_MIRAKIL | ||
| 005 | 20231213100305.0 | ||
| 008 | 231213b |||||||| |||| 00| 0 ||| d | ||
| 020 | _b978-1-40624101-3 | ||
| 040 |
_aTR-IsEVY _btur _cTR-IsEVY |
||
| 082 | _a420 RIS/C | ||
| 100 | _aRissman, Rebecca. | ||
| 245 | 0 | _aCounting in the forest | |
| 260 |
_bRaintree, _c2013 |
||
| 300 | _a24 p. | ||
| 650 | _aCounting | ||
| 942 |
_2ddc _cBK |
||
| 999 |
_c17599 _d17599 |
||